000
00304nam a22001097a 4500
005
20251009104630.0
008
251009b |||||||| |||| 00| 0 eng d
040
_c
PK-LaNCA
082
_a
711.558
_b
KEY
245
_a
Key contemporary buildings: plans, sections and elevations with 1 CD Rom
942
_c
BK
999
_c
66930
_d
66930